000 00307nam a22001457a 4500
008 210308b ||||| |||| 00| 0 eng d
020 _a0443088314
041 _aeng
080 _a61
082 _a61
100 _a3
101 _aSHM
245 _aRespiratory Monitoring
_cTobin, M.J
942 _2udc
_cBK
999 _c55965
_d55965